| 000 | 00510nam a2200205Ia 4500 | ||
|---|---|---|---|
| 005 | 20240823045804.0 | ||
| 008 | 240823s9999||||xx |||||||||||||| ||und|| | ||
| 020 | _a81-7371-446-0 | ||
| 041 | _aENGLISH | ||
| 082 | _A550.3 P3 | ||
| 100 | _aClark John O E | ||
| 245 | 0 | _aUniversities Press Dictionary of Earth Science | |
| 250 | _a1st | ||
| 260 |
_c2003 _bUniversities Press Hydr |
||
| 500 | _aYES | ||
| 650 |
_aEarth Science _bGeneral |
||
| 700 | _a Stieueler Stella | ||
| 942 | _cBK | ||
| 999 |
_c215764 _d215764 |
||